000 00470nam a2200169 a 4500
001 0243
005 20140414131853.0
008 040902s19uu xx 00 eng d
020 _a1-856504-039-8
050 _aM 595.7
_bM26 1998
100 _aMadsen, Chris
245 _aIncredible 3D bugs /
_cChris Madsen.
260 _aAustralia :
_bScholastic Australia Pty.,
_c1998.
300 _a1 v.p. : ill. ; cm.
650 _aInsects
_xJuvenile literature.
999 _c110276
_d110276